[Event "Nordisk gymnaslag"]
[Site "?"]
[Date "2004.??.??"]
[Round "1"]
[White "Fossum, Oystein Boyum"]
[Black "Skrondal, Inge Sandstad"]
[Result "1-0"]
[WhiteElo "2195"]
[BlackElo "1852"]
[PlyCount "41"]
[EventDate "2004.??.??"]

1. d4 e6 2. e4 d5 3. e5 c5 4. c3 Qb6 5. Nf3 Bd7 6. a3 Bb5 7. b4 cxb4 8. Bxb5+
Qxb5 9. cxb4 Nc6 10. Nc3 Qb6 11. O-O Nge7 12. Bb2 Nf5 13. Na4 Qd8 14. Rc1 Be7
15. Nc5 Qb6 16. Qd3 Rd8 17. Na4 Nxb4 18. axb4 Qxb4 19. Ra1 b5 20. Ba3 Qxa4 21.
Bxe7 1-0

[Event "Nordisk gymnaslag"]
[Site "?"]
[Date "2004.??.??"]
[Round "1"]
[White "Namtvedt, Tone"]
[Black "Bryn, Askild"]
[Result "0-1"]
[WhiteElo "1221"]
[BlackElo "1819"]
[PlyCount "60"]
[EventDate "2004.??.??"]

1. d4 f5 2. c4 Nf6 3. Nc3 g6 4. e3 Bg7 5. Bd3 O-O 6. f4 d6 7. Nf3 Nbd7 8. d5 e5
9. dxe6 Nc5 10. Be2 Bxe6 11. O-O Nfe4 12. Nxe4 Nxe4 13. Qc2 h6 14. Nd2 Nc5 15.
Rb1 Re8 16. b4 Nd7 17. Nf3 a5 18. a3 axb4 19. axb4 Bf7 20. Bd3 Nb6 21. Re1 d5
22. cxd5 Bxd5 23. e4 Ra2 24. Bb2 fxe4 25. Bxe4 Bxe4 26. Rxe4 Rxe4 27. Qxe4 Rxb2
28. Rxb2 Bxb2 29. Qxg6+ Bg7 30. Ne5 Qd4+ 0-1

[Event "Nordisk gymnaslag"]
[Site "?"]
[Date "2004.??.??"]
[Round "1"]
[White "Brekke, Jorunn"]
[Black "Magnor, William"]
[Result "1-0"]
[WhiteElo "1988"]
[BlackElo "1182"]
[PlyCount "75"]
[EventDate "2004.??.??"]

1. d4 Nf6 2. c4 e6 3. Nc3 Bb4 4. Qc2 d5 5. Nf3 c5 6. a3 Bxc3+ 7. bxc3 cxd4 8.
cxd4 Qc7 9. e3 Nbd7 10. Bd3 b6 11. cxd5 Qxc2 12. Bxc2 Nxd5 13. Bd3 Bb7 14. O-O
O-O 15. Bd2 N5f6 16. a4 Rfd8 17. a5 Bc6 18. Rfc1 Bxf3 19. gxf3 h6 20. e4 Nh7
21. Rc7 a6 22. Be3 b5 23. Rac1 e5 24. d5 Ndf6 25. Re7 Rac8 26. Rxc8 Rxc8 27.
Ra7 Rc3 28. Bf1 Ra3 29. Rxa6 b4 30. Ra8+ Nf8 31. Bc5 N6d7 32. Bxb4 Rxf3 33. a6
Rb3 34. Bxf8 Nxf8 35. a7 Ra3 36. d6 Kh7 37. Rxf8 Rxa7 38. Bh3 1-0

[Event "Nordisk gymnaslag"]
[Site "?"]
[Date "2004.??.??"]
[Round "1"]
[White "Gaudernack, Henrik"]
[Black "Danielsen, Magnus"]
[Result "1/2-1/2"]
[WhiteElo "1150"]
[BlackElo "1593"]
[PlyCount "57"]
[EventDate "2004.??.??"]

1. d4 Nf6 2. c4 e6 3. g3 Bb4+ 4. Bd2 Qe7 5. Bg2 O-O 6. a3 Bxd2+ 7. Qxd2 d6 8.
Nc3 Nc6 9. Nf3 e5 10. d5 Nb8 11. e4 a5 12. O-O Ng4 13. h3 Nh6 14. b4 Na6 15.
Na4 Bd7 16. b5 Nb8 17. g4 f6 18. Ne1 b6 19. Nd3 g5 20. Nc3 Be8 21. Ne2 Nd7 22.
Ng3 Nc5 23. Nxc5 bxc5 24. Nf5 Nxf5 25. gxf5 Kg7 26. Qe3 Qf7 27. Qg3 Qh5 28. Bf3
Qf7 29. h4 1/2-1/2

[Event "Nordisk gymnaslag"]
[Site "?"]
[Date "2004.??.??"]
[Round "1"]
[White "Norberg, Johan"]
[Black "Hynninen, Juha"]
[Result "1-0"]
[WhiteElo "2195"]
[BlackElo "2049"]
[PlyCount "69"]
[EventDate "2004.??.??"]

1. e4 c5 2. Nf3 d6 3. c3 Nf6 4. h3 Nc6 5. Bd3 e5 6. Bc2 Be7 7. O-O O-O 8. d4
Qc7 9. d5 Nb8 10. c4 Ne8 11. Nc3 f5 12. exf5 Bxf5 13. Bxf5 Rxf5 14. Qd3 Qd7 15.
Ne4 h6 16. Ng3 Rf8 17. Nh2 Na6 18. Ng4 Nf6 19. Ne3 Nb4 20. Qe2 b5 21. a3 Na6
22. b3 bxc4 23. bxc4 Nh7 24. Ng4 Bg5 25. Ne4 Bxc1 26. Raxc1 Nc7 27. Rc3 Ne8 28.
Rg3 Kh8 29. Nxc5 dxc5 30. Nxe5 Qd6 31. Ng6+ Kg8 32. Nxf8 Qxf8 33. Re3 Nd6 34.
Re1 Qf4 35. Rf3 1-0

[Event "Nordisk gymnaslag"]
[Site "?"]
[Date "2004.??.??"]
[Round "1"]
[White "Anttila, Perttu"]
[Black "Norberg, Erik"]
[Result "0-1"]
[WhiteElo "1992"]
[BlackElo "2189"]
[PlyCount "62"]
[EventDate "2004.??.??"]

1. e4 g6 2. d4 Bg7 3. Nc3 c6 4. f4 d5 5. e5 h5 6. Nf3 Nh6 7. Bd3 Bg4 8. Na4
Qa5+ 9. c3 Bxf3 10. gxf3 e6 11. Nc5 Qc7 12. b3 Bf8 13. Be3 b6 14. Na6 Nxa6 15.
Bxa6 Nf5 16. Bf2 b5 17. a4 b4 18. cxb4 Bxb4+ 19. Ke2 Qb6 20. Qd3 Rb8 21. Rac1
Kd7 22. Rc2 Qa5 23. Rhc1 Rb6 24. Bb5 Ne7 25. Bh4 Rc8 26. Bxe7 Bxe7 27. Qd1 a6
28. Bd3 Rxb3 29. Rb1 Rcb8 30. Rxb3 Rxb3 31. Ra2 Rb4 0-1

[Event "Nordisk gymnaslag"]
[Site "?"]
[Date "2004.??.??"]
[Round "1"]
[White "Ylonen, Anders"]
[Black "Pakarinen, Juho"]
[Result "1-0"]
[WhiteElo "2089"]
[BlackElo "1718"]
[PlyCount "45"]
[EventDate "2004.??.??"]

1. c4 c5 2. g3 g6 3. Bg2 e5 4. Nc3 Bg7 5. d3 Ne7 6. a3 Nbc6 7. Rb1 d6 8. b4 Rb8
9. b5 Nd4 10. e3 Ne6 11. Qa4 Qb6 12. Bd2 Nc7 13. Ne4 Nc6 14. Rb3 Bd7 15. bxc6
Bxc6 16. Rxb6 Bxa4 17. Rxb7 Kd7 18. Rxb8 Rxb8 19. Nc3 Bc2 20. Ke2 e4 21. Bxe4
f5 22. Bg2 Rb3 23. Nh3 1-0

[Event "Nordisk gymnaslag"]
[Site "?"]
[Date "2004.??.??"]
[Round "1"]
[White "Seitz, Deni"]
[Black "Backman, Andreas"]
[Result "0-1"]
[WhiteElo "1541"]
[BlackElo "2500"]
[PlyCount "76"]
[EventDate "2004.??.??"]

1. Nf3 d5 2. g3 Nf6 3. d3 Bg4 4. Nbd2 Nbd7 5. Bg2 e5 6. e4 c6 7. O-O Bd6 8. c3
O-O 9. Re1 Re8 10. Nb3 Qc7 11. Qc2 Rad8 12. Nh4 Be6 13. Nf5 Bxf5 14. exf5 Nc5
15. Bg5 a6 16. Re2 Ncd7 17. Rae1 h6 18. Bh4 Rc8 19. Nd2 Qb8 20. c4 b5 21. Nf1
bxc4 22. dxc4 e4 23. f3 exf3 24. Bxf3 Ne5 25. Kg2 d4 26. Qd1 d3 27. Rf2 Bc5 28.
Bxf6 gxf6 29. Ne3 Qd6 30. b3 Rcd8 31. Nf1 Bxf2 32. Kxf2 Qd4+ 33. Kg2 Qb2+ 34.
Qd2 Qxd2+ 35. Nxd2 Nxf3 36. Rxe8+ Rxe8 37. Kxf3 Re2 38. Ne4 Rxe4 0-1

[Event "Nordisk gymnaslag"]
[Site "?"]
[Date "2004.??.??"]
[Round "1"]
[White "Lund, Martin"]
[Black "Arngrimson, Dagur"]
[Result "0-1"]
[WhiteElo "2039"]
[BlackElo "2290"]
[PlyCount "76"]
[EventDate "2004.??.??"]

1. e4 e5 2. Nf3 Nc6 3. Bb5 a6 4. Bxc6 dxc6 5. d4 exd4 6. Qxd4 Bg4 7. Nbd2 Qxd4
8. Nxd4 O-O-O 9. N4b3 Nf6 10. f3 Be6 11. Nf1 a5 12. c3 b6 13. Nd4 Bd7 14. Bg5
Be7 15. O-O-O c5 16. Nf5 Bxf5 17. exf5 Rxd1+ 18. Kxd1 Rd8+ 19. Kc2 Nd5 20. Bxe7
Nxe7 21. f6 gxf6 22. Ne3 Nd5 23. Nxd5 Rxd5 24. Re1 Kd7 25. Re4 b5 26. Rh4 h5
27. Re4 c4 28. a4 c6 29. g3 Rf5 30. Re3 Re5 31. Rxe5 fxe5 32. h3 Ke6 33. Kd2 f5
34. Ke3 Kf6 35. g4 Kg5 36. axb5 cxb5 37. gxf5 Kxf5 38. h4 b4 0-1

[Event "Nordisk gymnaslag"]
[Site "?"]
[Date "2004.??.??"]
[Round "1"]
[White "Hafsteinsson, Helgi Jason"]
[Black "Nielsen, Marie Frank"]
[Result "0-1"]
[WhiteElo "1715"]
[BlackElo "1697"]
[PlyCount "64"]
[EventDate "2004.??.??"]

1. e4 d6 2. d4 Nd7 3. Nf3 e5 4. Bc4 Be7 5. O-O h6 6. Nc3 Ngf6 7. h3 O-O 8. Re1
c6 9. a4 Qc7 10. Qe2 b6 11. d5 Bb7 12. Rd1 Rac8 13. Be3 cxd5 14. Bxd5 Nxd5 15.
exd5 a6 16. Ne1 Rfe8 17. Ra3 f5 18. f4 exf4 19. Bxf4 Bh4 20. Qd2 Qc5+ 21. Kh2
Re5 22. Bxe5 dxe5 23. Nd3 Qd6 24. g3 Bg5 25. Qf2 f4 26. h4 fxg3+ 27. Qxg3 Bf4
28. Nxf4 exf4 29. Qg4 Rc4 30. Kh1 Bc8 31. Qg1 f3 32. Rd4 Rxd4 0-1

[Event "Nordisk gymnaslag"]
[Site "?"]
[Date "2004.??.??"]
[Round "1"]
[White "Sigurdarson, Floki"]
[Black "Davidsen, Kristian"]
[Result "1-0"]
[WhiteElo "1645"]
[BlackElo "1120"]
[PlyCount "91"]
[EventDate "2004.??.??"]

1. e4 e5 2. Nf3 d6 3. g3 Nf6 4. d3 Be7 5. Bg2 O-O 6. O-O Nbd7 7. c3 b6 8. Re1
h6 9. Nh4 Nh7 10. Nf5 Ndf6 11. Nxe7+ Qxe7 12. d4 Bb7 13. Na3 Rad8 14. Nc4 exd4
15. cxd4 Bxe4 16. Bxe4 Nxe4 17. d5 Rfe8 18. Bxh6 gxh6 19. f3 Nhg5 20. fxe4 Qf6
21. Rf1 Qg6 22. h4 Nxe4 23. Qf3 Nxg3 24. Rf2 Re7 25. Rg2 Ne2+ 26. Kf1 Nd4 27.
Rxg6+ fxg6 28. Qd3 Rf8+ 29. Kg1 Rf4 30. Ne3 Rxh4 31. Kg2 Rf7 32. Rh1 Rff4 33.
Rxh4 Rxh4 34. Qxg6+ Kf8 35. Qf6+ Ke8 36. Qxh4 c5 37. dxc6 Nxc6 38. Qxh6 Kd7 39.
Qg7+ Ne7 40. Nd5 Kc6 41. Nxe7+ Kb5 42. Nc8 d5 43. Qd4 a5 44. Qxd5+ Ka6 45. Qc6
a4 46. Qxb6# 1-0

[Event "Nordisk gymnaslag"]
[Site "?"]
[Date "2004.??.??"]
[Round "2"]
[White "Skrondal, Inge Sandstad"]
[Black "Lund, Martin"]
[Result "0-1"]
[WhiteElo "1852"]
[BlackElo "2039"]
[PlyCount "85"]
[EventDate "2004.??.??"]

1. c4 e6 2. Nc3 d5 3. d4 Nf6 4. Bg5 Nbd7 5. Nf3 Be7 6. e3 O-O 7. cxd5 exd5 8.
h3 c6 9. Bd3 Ne4 10. Bf4 f5 11. Qc2 a5 12. Ne5 Nxe5 13. dxe5 Nxc3 14. bxc3 a4
15. g4 g6 16. Rg1 Kh8 17. Rb1 b5 18. Bh6 Rf7 19. gxf5 Bxf5 20. Bxf5 Rxf5 21.
Bg7+ Kg8 22. e6 Rg5 23. Rxg5 Bxg5 24. Be5 Qe7 25. f4 Bh4+ 26. Kf1 Qxe6 27. Kg2
Bf6 28. Bxf6 Qxf6 29. Rf1 Re8 30. Rf3 Re4 31. Qf2 b4 32. f5 g5 33. cxb4 Rxb4
34. Qg3 Rb2+ 35. Rf2 a3 36. Qg4 h6 37. h4 Kh7 38. Qa4 Qxf5 39. Qa7+ Kg6 40. h5+
Kxh5 41. Rxb2 axb2 42. Qb8 b1=Q 43. Qh2+ 0-1

[Event "Nordisk gymnaslag"]
[Site "?"]
[Date "2004.??.??"]
[Round "2"]
[White "Frank-Nielsen, Marie"]
[Black "Namtvedt, Tone"]
[Result "1/2-1/2"]
[WhiteElo "1697"]
[BlackElo "1221"]
[PlyCount "106"]
[EventDate "2004.??.??"]

1. e4 c6 2. d4 d5 3. e5 Bf5 4. Bd3 Bxd3 5. Qxd3 e6 6. Nf3 h6 7. Nbd2 Ne7 8. Nf1
Ng6 9. h4 Bb4+ 10. c3 Ba5 11. Ng3 h5 12. Ng5 Qe7 13. b4 Bc7 14. f4 Nf8 15. a4
Nbd7 16. Ba3 f6 17. Nf3 b6 18. Kd2 Qf7 19. Rhf1 Rh6 20. Rae1 Rg6 21. Ng5 fxg5
22. fxg5 Qe7 23. Nxh5 a5 24. Nf4 Rxg5 25. hxg5 Qxg5 26. b5 c5 27. Qh3 O-O-O 28.
Qh5 Qe7 29. Nh3 g6 30. Qg5 Qg7 31. Nf4 Re8 32. Nh5 Qh8 33. Nf6 Bd8 34. Qf4 Nh7
35. Nxh7 Qxh7 36. Rh1 Qg8 37. Qh6 Rf8 38. Ref1 Rf5 39. Kc2 Qf7 40. Rxf5 Qxf5+
41. Kb3 cxd4 42. Qh3 Qxe5 43. cxd4 Qxd4 44. Rc1+ Kb7 45. Qxe6 Qd3+ 46. Ka2 Qd2+
47. Bb2 Nc5 48. Qc6+ Ka7 49. Rh1 Qf4 50. Rh7+ Kb8 51. Rh8 Qxa4+ 52. Kb1 Qe4+
53. Ka2 Qa4+ 1/2-1/2

[Event "Nordisk gymnaslag"]
[Site "?"]
[Date "2004.??.??"]
[Round "2"]
[White "Davidsen, Kristian"]
[Black "Gaudernack, Henrik"]
[Result "0-1"]
[WhiteElo "1120"]
[BlackElo "1150"]
[PlyCount "76"]
[EventDate "2004.??.??"]

1. e4 e6 2. Nc3 c5 3. d3 Nc6 4. Nge2 a6 5. a4 Nge7 6. Bd2 g6 7. g3 Bg7 8. Bg2
O-O 9. O-O f5 10. f3 Nd4 11. Kh1 d5 12. exd5 Nxd5 13. Nxd5 exd5 14. Nxd4 Bxd4
15. Rb1 Bd7 16. b3 Bc6 17. Re1 Re8 18. Rxe8+ Qxe8 19. Qe1 Qxe1+ 20. Rxe1 Re8
21. f4 Rxe1+ 22. Bxe1 Kf7 23. c4 Ke6 24. cxd5+ Bxd5 25. Bxd5+ Kxd5 26. Ba5 Bf6
27. Kg2 Kd4 28. Bb6 Be7 29. Kf2 Kxd3 30. Ba5 Kc2 31. Bb6 Kxb3 32. a5 c4 33. Ke2
c3 34. Kd1 c2+ 35. Kd2 Ba3 36. Ke2 c1=Q 37. Be3 Qc2+ 38. Kf3 Bc5 0-1

[Event "Nordisk gymnaslag"]
[Site "?"]
[Date "2004.??.??"]
[Round "2"]
[White "Hynninen, Juha"]
[Black "Arngrimson, Dagur"]
[Result "0-1"]
[WhiteElo "2290"]
[BlackElo "2039"]
[PlyCount "60"]
[EventDate "2004.??.??"]

1. e4 e5 2. Nf3 Nc6 3. Bb5 a6 4. Ba4 Nf6 5. O-O Nxe4 6. d4 b5 7. d5 bxa4 8.
dxc6 d5 9. c4 dxc4 10. Qxa4 Be6 11. Nxe5 Nc5 12. Qc2 Bd6 13. Nxc4 Bxh2+ 14.
Kxh2 Qh4+ 15. Kg1 Qxc4 16. Nc3 O-O 17. Be3 Nd3 18. b3 Nb4 19. bxc4 Nxc2 20. Bc5
Nxa1 21. Bxf8 Bxc4 22. Rxa1 Kxf8 23. Rd1 Be6 24. Rd4 Rb8 25. Ne4 Rb6 26. Ng5
Rxc6 27. Nxe6+ fxe6 28. Rd8+ Ke7 29. Rd2 Rc1+ 30. Kh2 c5 0-1

[Event "Nordisk gymnaslag"]
[Site "?"]
[Date "2004.??.??"]
[Round "2"]
[White "Hafsteinsson, Helgi Jason"]
[Black "Anttila, Perttu"]
[Result "1-0"]
[WhiteElo "1715"]
[BlackElo "1992"]
[PlyCount "93"]
[EventDate "2004.??.??"]

1. e4 e6 2. d4 d5 3. exd5 exd5 4. Nf3 Bd6 5. c4 Be6 6. c5 Be7 7. Bd3 b6 8. cxb6
axb6 9. Bf4 c5 10. O-O Nf6 11. Nc3 O-O 12. h3 c4 13. Bc2 Nc6 14. Re1 Ra5 15. a3
Qa8 16. Ba4 Qb7 17. Ng5 Nd8 18. Bc2 h6 19. h4 Re8 20. Nf3 b5 21. Qd2 h5 22. Bh6
Ng4 23. Bg5 b4 24. axb4 Bxb4 25. Bxd8 Rxa1 26. Rxa1 Rxd8 27. Ne5 Be7 28. Nxg4
hxg4 29. g3 Kf8 30. Rb1 Qb6 31. Qf4 Bf6 32. Ne2 Qb4 33. Nc3 Qd6 34. Qd2 g6 35.
b3 Kg7 36. b4 Qb6 37. Ne2 Ra8 38. Qc3 Ra2 39. Rb2 Rxb2 40. Qxb2 Be7 41. b5 Qa5
42. Nf4 Bb4 43. Bxg6 Qxb5 44. Qe2 Bd7 45. Qe5+ Kg8 46. Nh5 Kf8 47. Qh8+ 1-0

[Event "Nordisk gymnaslag"]
[Site "?"]
[Date "2004.??.??"]
[Round "2"]
[White "Pakarinen, Juho"]
[Black "Danielsson, Grimur"]
[Result "0-1"]
[WhiteElo "1718"]
[BlackElo "1655"]
[PlyCount "102"]
[EventDate "2004.??.??"]

1. e4 d6 2. d4 Nf6 3. Nc3 g6 4. Bc4 Bg7 5. Nge2 O-O 6. f3 c6 7. Bf4 b5 8. Bb3
a5 9. a3 Nbd7 10. d5 Bb7 11. dxc6 Bxc6 12. Nd4 Qb6 13. Nxc6 Qxc6 14. Nd5 Rfe8
15. Be3 Rac8 16. c3 a4 17. Ba2 Nc5 18. O-O Nxd5 19. Qxd5 Qxd5 20. Bxd5 e6 21.
Bxc5 dxc5 22. Ba2 c4 23. Rad1 Red8 24. Kf2 Kf8 25. Bb1 Ke7 26. f4 Rc7 27. Rxd8
Kxd8 28. Rd1+ Rd7 29. Rxd7+ Kxd7 30. g4 e5 31. Kf3 exf4 32. Kxf4 f6 33. h4 Ke6
34. e5 fxe5+ 35. Ke4 Bf6 36. g5 Bd8 37. Kf3 Bb6 38. Be4 Kd6 39. Bb7 Bg1 40. Ba6
Kc6 41. Bc8 Bh2 42. Be6 Bf4 43. Bg8 h6 44. gxh6 Bxh6 45. Bf7 Bc1 46. Ke4 Bxb2
47. Bxg6 Bxa3 48. h5 Bf8 49. Ke3 Bh6+ 50. Kf3 Bd2 51. Ke4 a3 0-1

[Event "Nordisk gymnaslag"]
[Site "?"]
[Date "2004.??.??"]
[Round "2"]
[White "Haflidason, Hlynul"]
[Black "Seitz, Deni"]
[Result "1-0"]
[WhiteElo "1400"]
[BlackElo "1541"]
[PlyCount "47"]
[EventDate "2004.??.??"]

1. e4 d6 2. d4 Nf6 3. Nc3 g6 4. Be3 Nbd7 5. Qd2 Ng4 6. O-O-O Bg7 7. Bc4 c6 8.
Nge2 b5 9. Bb3 a5 10. d5 a4 11. dxc6 axb3 12. cxd7+ Bxd7 13. axb3 Qa5 14. Bd4
Bh6 15. f4 O-O 16. h3 Qa1+ 17. Nb1 Nf6 18. Bxf6 exf6 19. Qxd6 Be6 20. Qb4 Ra2
21. Qd4 Rc8 22. Rd3 Bc4 23. bxc4 Rxc4 24. Qxf6 1-0

[Event "Nordisk gymnaslag"]
[Site "?"]
[Date "2004.??.??"]
[Round "2"]
[White "Norberg, Johan"]
[Black "Fossum, Oystein Boyum"]
[Result "1/2-1/2"]
[WhiteElo "2195"]
[BlackElo "2195"]
[PlyCount "67"]
[EventDate "2004.??.??"]

1. e4 e6 2. d4 d5 3. Nd2 c5 4. exd5 exd5 5. Ngf3 Nc6 6. Be2 Bd6 7. O-O Nge7 8.
dxc5 Bxc5 9. Nb3 Bb6 10. Bg5 O-O 11. Qd2 Bf5 12. Rad1 Be4 13. c4 Qc8 14. cxd5
Bxd5 15. Nfd4 Nxd4 16. Nxd4 Nc6 17. Bf3 Nxd4 18. Bxd5 h6 19. Be7 Re8 20. Qb4
Qf5 21. Bc5 Ne2+ 22. Kh1 Nf4 23. Bxb6 Nxd5 24. Qb5 axb6 25. Rxd5 Qe6 26. Qb3
Ra5 27. Rd3 Rxa2 28. Kg1 Qxb3 29. Rxb3 Re6 30. g3 Kf8 31. Rc1 Rc6 32. Rxc6 bxc6
33. Rxb6 Ke7 34. Rxc6 1/2-1/2

[Event "Nordisk gymnaslag"]
[Site "?"]
[Date "2004.??.??"]
[Round "2"]
[White "Agdestein, Emil"]
[Black "Norberg, Erik"]
[Result "0-1"]
[WhiteElo "1989"]
[BlackElo "2189"]
[PlyCount "68"]
[EventDate "2004.??.??"]

1. e4 g6 2. Nc3 Bg7 3. d4 c6 4. Bc4 b5 5. Bb3 a5 6. a4 b4 7. Nce2 d5 8. f3 e6
9. Be3 Nd7 10. Qd2 Ba6 11. Nh3 Rc8 12. Nf2 Ne7 13. Nd3 Qc7 14. O-O-O e5 15.
dxe5 Nxe5 16. Nc5 Bc4 17. f4 Bxb3 18. cxb3 Nd7 19. Nxd7 Qxd7 20. Bd4 Bxd4 21.
Qxd4 O-O 22. Qc5 Qe6 23. Ng3 dxe4 24. Rd6 Qxb3 25. Nxe4 Nd5 26. Re1 Qxa4 27.
Qd4 Rce8 28. Rxd5 Rxe4 29. Rxe4 cxd5 30. Qxd5 Qa1+ 31. Kc2 Rc8+ 32. Rc4 b3+ 33.
Kc3 Qc1+ 34. Kxb3 Rb8+ 0-1

[Event "Nordisk gymnaslag"]
[Site "?"]
[Date "2004.??.??"]
[Round "2"]
[White "Ylonen, Anders"]
[Black "Bryn, Askild"]
[Result "1/2-1/2"]
[WhiteElo "2089"]
[BlackElo "1819"]
[PlyCount "47"]
[EventDate "2004.??.??"]

1. e4 c5 2. c4 g6 3. Nc3 Bg7 4. g3 Nc6 5. Bg2 e6 6. Nge2 Nge7 7. d3 d6 8. Be3
Nd4 9. Qd2 Qa5 10. Bxd4 cxd4 11. Nb5 Qb6 12. a4 a5 13. O-O Bd7 14. b4 axb4 15.
Qxb4 Bxb5 16. Qxb5+ Qxb5 17. cxb5 b6 18. Rfc1 Kd7 19. Rc4 Rhc8 20. Rac1 Rxc4
21. Rxc4 Rc8 22. Rxc8 Kxc8 23. Kf1 Ng8 24. Ke1 1/2-1/2

[Event "Nordisk gymnaslag"]
[Site "?"]
[Date "2004.??.??"]
[Round "2"]
[White "Danielsen, Magnus"]
[Black "Backman, Andreas"]
[Result "1/2-1/2"]
[WhiteElo "1593"]
[BlackElo "2061"]
[PlyCount "90"]
[EventDate "2004.??.??"]

1. e4 e5 2. Nf3 Nc6 3. d4 exd4 4. Bc4 Bc5 5. Ng5 Nh6 6. Nxf7 Nxf7 7. Bxf7+ Kxf7
8. Qh5+ g6 9. Qxc5 d6 10. Qb5 a6 11. Qb3+ Be6 12. Qg3 Qf6 13. O-O Qe5 14. Qh4
Qh5 15. Qxh5 gxh5 16. f3 Nb4 17. Rf2 Nxa2 18. Bd2 a5 19. c3 c5 20. cxd4 cxd4
21. Na3 Nb4 22. Nb5 Nd3 23. Rff1 Nxb2 24. Bxa5 Nc4 25. Bb4 d3 26. Rxa8 Rxa8 27.
Rd1 Ra4 28. Nxd6+ Nxd6 29. Bxd6 Bc4 30. Rd2 b5 31. Kf2 b4 32. Be5 Ba6 33. Ke3
b3 34. g3 Ke6 35. Bd4 Rb4 36. Bc3 Rb7 37. Bb2 Rc7 38. Bd4 Rc1 39. Kf2 Bc4 40.
h4 Kd7 41. Bb2 Rh1 42. Ke3 Rg1 43. Kf2 Rh1 44. Ke3 Rg1 45. Kf2 Rh1 1/2-1/2

[Event "Nordisk gymnaslag"]
[Site "?"]
[Date "2004.??.??"]
[Round "3"]
[White "Fossum, Oystein Boyum"]
[Black "Hynninen, Juha"]
[Result "1-0"]
[WhiteElo "2195"]
[BlackElo "2049"]
[PlyCount "87"]
[EventDate "2004.??.??"]

1. e4 c5 2. Nf3 d6 3. c3 Nf6 4. Bd3 Nc6 5. Bc2 Bg4 6. h3 Bh5 7. d3 e6 8. Nbd2
Be7 9. Nf1 d5 10. Qe2 h6 11. Ng3 Bg6 12. O-O O-O 13. Nh2 dxe4 14. dxe4 e5 15.
Nf5 Re8 16. Nxe7+ Qxe7 17. Ng4 Nxg4 18. hxg4 Rad8 19. Be3 b6 20. g3 f6 21. Rad1
Rxd1 22. Rxd1 Rd8 23. f3 Bf7 24. b3 Rd6 25. Rxd6 Qxd6 26. Qd1 Qxd1+ 27. Bxd1 c4
28. Kf2 b5 29. Ke1 a6 30. Bb6 Be6 31. Kd2 Kf7 32. Kc2 Ke8 33. Kb2 Ke7 34. Bc5+
Kf7 35. Be2 g6 36. Be3 Kg7 37. Bb6 h5 38. gxh5 gxh5 39. a4 Kg6 40. axb5 axb5
41. bxc4 Bxc4 42. Bxc4 bxc4 43. Ka3 f5 44. Be3 1-0

[Event "Nordisk gymnaslag"]
[Site "?"]
[Date "2004.??.??"]
[Round "3"]
[White "Anttila, Perttu"]
[Black "Bryn, Askild"]
[Result "0-1"]
[WhiteElo "1992"]
[BlackElo "1819"]
[PlyCount "86"]
[EventDate "2004.??.??"]

1. e4 c5 2. c3 d5 3. exd5 Qxd5 4. d4 cxd4 5. cxd4 Nc6 6. Nf3 e5 7. Nc3 Bb4 8.
dxe5 Qxd1+ 9. Kxd1 Bxc3 10. bxc3 Bg4 11. Be2 O-O-O+ 12. Kc2 Bxf3 13. Bxf3 Nxe5
14. Be2 Ne7 15. Be3 Kb8 16. Rad1 Nd5 17. Bd4 f6 18. g3 Rhe8 19. Rhe1 Nc6 20.
Bc5 Kc7 21. Bf3 Rxe1 22. Rxe1 b6 23. Ba3 Ne5 24. Be4 Nc4 25. Bc1 g6 26. f4 f5
27. Bd3 b5 28. h3 Nf6 29. Be3 Na3+ 30. Kb3 Rxd3 31. Kxa3 a5 32. g4 fxg4 33.
hxg4 Nxg4 34. Bd4 Kd7 35. f5 gxf5 36. Rb1 Kc6 37. Rf1 Ne3 38. Rf2 Nc4+ 39. Kb3
Rd2 40. Rxd2 Nxd2+ 41. Kc2 Ne4 42. Kd3 Kd5 43. Bb6 a4 0-1

[Event "Nordisk gymnaslag"]
[Site "?"]
[Date "2004.??.??"]
[Round "3"]
[White "Brekke, Jorunn"]
[Black "Pakarinen, Juho"]
[Result "1-0"]
[WhiteElo "1988"]
[BlackElo "1718"]
[PlyCount "31"]
[EventDate "2004.??.??"]

1. d4 d5 2. c4 c6 3. Nc3 Nf6 4. Nf3 e6 5. Bg5 dxc4 6. e4 b5 7. e5 h6 8. Bh4 g5
9. Nxg5 hxg5 10. Bxg5 Nbd7 11. a4 Bb4 12. axb5 cxb5 13. Qf3 Qc7 14. Qxa8 Nb6
15. Qxa7 Qxa7 16. Rxa7 1-0

[Event "Nordisk gymnaslag"]
[Site "?"]
[Date "2004.??.??"]
[Round "3"]
[White "Seitz, Deni"]
[Black "Danielsen, Magnus"]
[Result "0-1"]
[WhiteElo "1541"]
[BlackElo "1593"]
[PlyCount "84"]
[EventDate "2004.??.??"]

1. d4 Nf6 2. e3 d5 3. f4 Bf5 4. Bd3 Ne4 5. Nf3 e6 6. O-O Bd6 7. Qe2 Nd7 8. c4
c6 9. Nbd2 Nxd2 10. Bxd2 Bxd3 11. Qxd3 f5 12. a3 O-O 13. c5 Bc7 14. Qe2 Nf6 15.
Be1 Ne4 16. Nd2 Nxd2 17. Qxd2 g5 18. b4 Qe7 19. Kf2 Rf7 20. g3 g4 21. Qb2 a6
22. a4 h5 23. Rh1 h4 24. Ke2 hxg3 25. Kd3 gxh2 26. Rxh2 Rh7 27. Bg3 Rxh2 28.
Bxh2 Kg7 29. Qg2 Qf6 30. Rh1 Rh8 31. Bg3 Rxh1 32. Qxh1 Bd8 33. Qe1 Qh6 34. b5
axb5 35. axb5 Qh3 36. bxc6 bxc6 37. Ke2 Qg2+ 38. Qf2 Qxf2+ 39. Kxf2 Kg6 40. Kg2
Kh5 41. Be1 Bh4 42. Bd2 Kg6 0-1

[Event "Nordisk gymnaslag"]
[Site "?"]
[Date "2004.??.??"]
[Round "3"]
[White "Lund, Martin"]
[Black "Norberg, Johan"]
[Result "0-1"]
[WhiteElo "2039"]
[BlackElo "2195"]
[PlyCount "48"]
[EventDate "2004.??.??"]

1. e4 g6 2. d4 Bg7 3. c3 d6 4. Be3 Nd7 5. f4 e5 6. Nf3 Ngf6 7. fxe5 dxe5 8.
Nbd2 O-O 9. Bd3 exd4 10. cxd4 Nc5 11. Qc2 Ne6 12. h3 Nh5 13. d5 Nef4 14. O-O
Re8 15. Bxf4 Nxf4 16. Nb3 c6 17. Ne1 Qg5 18. Kh1 Nh5 19. Rf3 cxd5 20. g4 dxe4
21. Bxe4 Nf6 22. Bd3 Be6 23. Ng2 Bd5 24. Rf2 Qh4 0-1

[Event "Nordisk gymnaslag"]
[Site "?"]
[Date "2004.??.??"]
[Round "3"]
[White "Arngrimson, Dagur"]
[Black "Skrondal, Inge Sandstad"]
[Result "1/2-1/2"]
[WhiteElo "2290"]
[BlackElo "1852"]
[PlyCount "59"]
[EventDate "2004.??.??"]

1. e4 c5 2. c3 Nf6 3. e5 Nd5 4. d4 cxd4 5. Nf3 e6 6. cxd4 Qc7 7. a3 b6 8. Bd3
Ba6 9. O-O Bxd3 10. Qxd3 d6 11. Nc3 Nxc3 12. bxc3 Nd7 13. Bf4 Rc8 14. exd6 Bxd6
15. Bd2 O-O 16. h3 Nf6 17. Rfc1 Qc4 18. Qe3 b5 19. Ng5 a6 20. Rd1 Bb8 21. Rdb1
Bd6 22. Rb2 Rfe8 23. Rba2 h6 24. Ne4 Nxe4 25. Qxe4 e5 26. Qg4 exd4 27. Bxh6 Be5
28. cxd4 Qxd4 29. Qxd4 Bxd4 30. Rd1 1/2-1/2

[Event "Nordisk gymnaslag"]
[Site "?"]
[Date "2004.??.??"]
[Round "3"]
[White "Namtvedt, Tone"]
[Black "Hafsteinsson, Helgi J"]
[Result "1/2-1/2"]
[WhiteElo "1221"]
[BlackElo "1715"]
[PlyCount "36"]
[EventDate "2004.??.??"]

1. d4 d5 2. c4 c6 3. Nf3 Nf6 4. Nc3 dxc4 5. a4 Bf5 6. e3 e6 7. Bxc4 Bb4 8. Bd2
O-O 9. O-O c5 10. Qb3 Nc6 11. dxc5 Qe7 12. Be2 Bxc5 13. Rac1 Rac8 14. Nb5 a6
15. Nc3 Rfd8 16. Rfd1 e5 17. Be1 Na5 18. Qa2 Nc6 1/2-1/2

[Event "Nordisk gymnaslag"]
[Site "?"]
[Date "2004.??.??"]
[Round "3"]
[White "Danielsson, Grimur"]
[Black "Magnor, William"]
[Result "1-0"]
[WhiteElo "1182"]
[BlackElo "1655"]
[PlyCount "71"]
[EventDate "2004.??.??"]

1. c4 e5 2. Nc3 f5 3. g3 Nc6 4. e3 Nf6 5. Bg2 Bc5 6. Nge2 O-O 7. d4 exd4 8.
exd4 Bb4 9. O-O Ne7 10. a3 Bxc3 11. Nxc3 d5 12. c5 Ne4 13. Qb3 Kh8 14. Re1 c6
15. f3 Nf6 16. Bf4 Ng6 17. Be5 Nxe5 18. dxe5 Nd7 19. Qb4 Re8 20. f4 Qe7 21. Na4
g5 22. Qd4 gxf4 23. gxf4 Qh4 24. Re3 Re6 25. Rh3 Qg4 26. Re1 Nf6 27. Rg3 Qh5
28. exf6 Rxe1+ 29. Bf1 Qf7 30. Rg7 Qxg7+ 31. fxg7+ Kg8 32. Qf6 Bd7 33. Qd6 Be6
34. Kf2 Re4 35. Nc3 Rd4 36. Qxe6+ 1-0

[Event "Nordisk gymnaslag"]
[Site "?"]
[Date "2004.??.??"]
[Round "3"]
[White "Gaudernack, Henrik"]
[Black "Sigurdarson, Floki"]
[Result "0-1"]
[WhiteElo "1150"]
[BlackElo "1645"]
[PlyCount "44"]
[EventDate "2004.??.??"]

1. d4 d5 2. c4 e6 3. Nc3 Nf6 4. Bg5 Be7 5. cxd5 Nxd5 6. Bxe7 Qxe7 7. Nxd5 exd5
8. e3 O-O 9. Nf3 f5 10. Ne5 f4 11. Bd3 Bf5 12. O-O Nd7 13. Bxf5 Rxf5 14. Nxd7
Qxd7 15. Qd2 f3 16. gxf3 Rh5 17. f4 Qg4+ 18. Kh1 Qf3+ 19. Kg1 Rf8 20. Rfe1 Rxh2
21. Kxh2 Rf6 22. Kg1 Rh6 0-1